The raw materials of commerce (Record no. 149321)

MARC details
000 -LEADER
campo de control de longitud fija 00792nam a2200205 i 4500
001 - NÚMERO DE CONTROL
campo de control 149321
003 - IDENTIFICADOR DE NÚMERO DE CONTROL
campo de control ES-MaACL
005 - FECHA Y HORA DE LA ÚLTIMA TRANSACCIÓN
campo de control 20230906203038.0
007 - CAMPO FIJO DE DESCRIPCIÓN FÍSICA--INFORMACIÓN GENERAL
campo de control de longitud fija t|
008 - DATOS DE LONGITUD FIJA--INFORMACIÓN GENERAL
campo de control de longitud fija 071019s1929 xxk ||||1| eng d
100 1# - ENTRADA PRINCIPAL--NOMBRE DE PERSONA
Nombre de persona Vanstone, J. Henry.
9 (RLIN) 113084
245 14 - MENCIÓN DEL TÍTULO
Título The raw materials of commerce
Resto del título : a descriptive account of the vegetable, animal, mineral and synthetic products of the world and of their commercial uses /
Mención de responsabilidad, etc. by J. Henry Vanstone with contributions by J. P. Gilmour, Albert Lidgett, John Roberts, J. C. Sachs.
260 ## - PUBLICACIÓN, DISTRIBUCIÓN, ETC.
Lugar de publicación, distribución, etc. London :
Nombre del editor, distribuidor, etc. Isaac Pitman,
Fecha de publicación, distribución, etc. 1929.
300 ## - DESCRIPCIÓN FÍSICA
Extensión 2 v. :
Otras características físicas il. ;
Dimensiones 28 cm.
700 1# - ENTRADA AGREGADA--NOMBRE PERSONAL
Nombre de persona Gilmour, J. P.
9 (RLIN) 57002
700 1# - ENTRADA AGREGADA--NOMBRE PERSONAL
Nombre de persona Lidgett, Albert.
9 (RLIN) 72215
700 1# - ENTRADA AGREGADA--NOMBRE PERSONAL
Nombre de persona Roberts, John.
9 (RLIN) 97833
700 1# - ENTRADA AGREGADA--NOMBRE PERSONAL
Nombre de persona Sachs, J. C.
9 (RLIN) 101248
852 ## - LOCALIZACIÓN
Ubicación ES-MaACL
Número de control de estantería A-2189-90
Holdings
Estatus retirado Estado de pérdida Estado de daño No para préstamo Biblioteca de origen Biblioteca actual Ubicación en estantería Fecha de adquisición Fuente de adquisición Total de préstamos Signatura topográfica completa Código de barras Visto por última vez Precio de reemplazo Tipo de ítem Koha
        Biblioteca del Ateneo de Madrid Biblioteca del Ateneo de Madrid Sala Pecera Planta 1 17/01/2008     A-2189-90 1155818 23/02/2023 23/02/2023 Libro impreso